000 00404nam a2200157Ia 4500
008 230312s9999||||xx |||||||||||||| ||und||
020 _a81-7319-485-8
082 _a621.31
_bVER
100 _aHughes;A.R.W
245 0 _aVery Low Frequency (VLF) Phenomena
260 _bNarosa
_aIndia
_c2003
300 _a368
546 _aEng.
650 _aEngineering
_vVery Low Frequency (VLF) Phenomena
942 _cBK
999 _c8352
_d8352